Français champions du monde - Statistiques

Statistiques générales
  • Ce quiz a été pris 224 fois
  • Le résultat moyen est 6 sur 10
Answers on the Grid
Answers color-coded by a green-red scale on the quiz's grid according to % correct below.
Adil Rami
Éric Cantona
Stéphane Guivarch
Presnel Kimpembe
Adrien Rabiot
Alphonse Areola
Jean pierre Papin
Patrice Évra
Patrick Vieira
Christian Karambeu
Laurent Koscielny
Benoit Costil
Dimitri Payet
Steven Nzonzi
Nabil Fekir
Vincent Candela
Bixente Lizarazu
Basile Boli
Karim Benzema
Éric Abidal
 
Statistiques - réponses
Réponse % Correct
Adil Rami
97%
Presnel Kimpembe
78%
Alphonse Areola
62%
Bixente Lizarazu
62%
Steven Nzonzi
58%
Christian Karambeu
57%
Nabil Fekir
52%
Patrick Vieira
51%
Stéphane Guivarch
49%
Vincent Candela
38%
Aucun quiz correspondant
Distribution des résultats
% des personnes avec chaque résultat
Percentile par nombre de réponses
Votre historique - résultats
Vous n’avez pas pris ce quiz